Fenomén nacionalizmu na Ukrajine, jeho vplyv na hospodársky a sociálny rozvoj modernej Ukrajiny bakalárska práca

Enregistré dans:
Détails bibliographiques
Auteur principal: Tymchenko, Illia
Collectivité auteur: Fakulta medzinárodných vzťahov EU. Katedra medzinárodných ekonomických vzťahov a hospodárskej diplomacie
Autres auteurs: Dziura, Boris, 1976-
Format: Livre
Langue:slovaque
Publié: Bratislava 2024
Tags: Ajouter un tag
Pas de tags, Soyez le premier à ajouter un tag!

MARC

LEADER 00000nbm a2200000 4500
001 0309510
005 20260225094417.8
041 0 |a slo 
044 |a SK 
245 1 0 |a Fenomén nacionalizmu na Ukrajine, jeho vplyv na hospodársky a sociálny rozvoj modernej Ukrajiny  |b bakalárska práca  |c Illia Tymchenko ; školiteľ: Boris Dziura 
264 1 |a Bratislava  |c 2024 
300 |a 43 s. 
100 1 |a Tymchenko, Illia 
700 1 |a Dziura, Boris, 1976- 
710 2 |a Fakulta medzinárodných vzťahov EU. Katedra medzinárodných ekonomických vzťahov a hospodárskej diplomacie